China charts the world (Record no. 529031)

MARC details
000 -LEADER
fixed length control field 00960nam a2200265Ia 4500
003 - CONTROL NUMBER IDENTIFIER
control field OSt
005 - DATE AND TIME OF LATEST TRANSACTION
control field 20220925194318.0
008 - FIXED-LENGTH DATA ELEMENTS--GENERAL INFORMATION
fixed length control field 220923b |||||||| |||| 00| 0 eng d
020 ## - INTERNATIONAL STANDARD BOOK NUMBER
International Standard Book Number 0674116437
037 ## - SOURCE OF ACQUISITION
Terms of availability General Book
040 ## - CATALOGING SOURCE
Original cataloging agency RTL
Transcribing agency RTL
Language of cataloging eng
041 ## - LANGUAGE CODE
Source of code eng
Language code of text/sound track or separate title eng
100 ## - MAIN ENTRY--PERSONAL NAME
Personal name Drake Fred W
9 (RLIN) 250903
245 #0 - TITLE STATEMENT
Title China charts the world
Remainder of title HSU Chi Yu and His Geography of 1848
260 ## - PUBLICATION, DISTRIBUTION, ETC.
Place of publication, distribution, etc. Cambridge
Name of publisher, distributor, etc. Harvrd University Press UK
Date of publication, distribution, etc. 1975
300 ## - PHYSICAL DESCRIPTION
Extent ix,272p. Front end paper,Frontispiece,Back endpaper.
Dimensions cm.
490 ## - SERIES STATEMENT
Series statement Harvard East Asian Monographs:64.East Asian Research Centre ,Harvard University.Grant by ford founda.
500 ## - GENERAL NOTE
General note Appendix p. 199-202; Bibliography:P245-56; Glossary:P362-75; Appendices:P199-02; Index:P263-72
650 ## - SUBJECT ADDED ENTRY--TOPICAL TERM
Topical term or geographic name entry element Travel Expedition
942 ## - ADDED ENTRY ELEMENTS (KOHA)
Classification part U8xL95, L5
Koha item type General Books
Source of classification or shelving scheme Colon Classification (CC)

No items available.

Copyright @ Delhi University Library System